Регионална библиотека "Любен Каравелов" - Русе

Ботаника (Запис номер 122517)

MARC детайли
000 -Лидер
Контролно поле с фиксирана дължина 01708nam a2200349 c 4500
003 - Код на организацията, давaща контролен номер
Контролно поле BLK
005 - Дата и час на последна редакция
Контролно поле 20180422110837.0
008 - Елементи от данни с фиксирана дължина
fixed length control field 180409b bul|||||r ||||||| ||bul||
010 ## - Наследен системен номер
LC control number KNG00128158000
040 ## - Източник на каталожния запис
Идентификатор на билиотеката - собственик на записа BLK
041 ## - Код за език
Код за езика на текст/звукозапис или на отделно заглавие Български
Код за езика КДБФ Български
080 ## - УДК
Текстов определител УДК Ботаника. Вж и 631/635, Ботанически резервати вж 502.7
УДК код - определител по УДК 58
УДК определител (075.8)
УДК - код + определител 58(075.8)
100 1# - Редна дума - Автор
Автор Асенов, Иван
Авторска отговорност първи автор
Автор - информация (биография) Иванов, Иван Асенов
R(LIN) 375253
139 ## - Редно поле
Редна дума Асенов, Иван и др.
Авторски знак Ас - А 92
245 10 - Сведения за заглавието
Заглавие Ботаника
Подзаглавни данни Учебник за инст. за подготовка на здравни кадри със спец. образование
Редно поле (дума) Иван Асенов; съавт. Йосиф Нисим Бенбасат; съавт. Мария Евлогиева; * Иван Асенов Иванов.
257 ## - Страна на издаване
Страна на създаване/издаване България
260 ## - Област на издателските данни
-- София
Име на издателя, разпространителя и проч. Наука и изкуство
Година на издаване 1981
Печатница Ямбол : Г. Димитров
300 ## - Физическа характеристика
Страници 335 с.
Илюстрации и др. с ил., сх.
Размери/Мащаб 22 см
380 ## - Жанр
Жанр Естествени науки. Математика
500 ## - Общи забележки
Забележка Пълното име на първия авт. е Иван Асенов Иванов. - 2 083 тир.
650 #4 - Допълнително описание по предмет – тема
Основно описание – тема или топоним Ботаника - учебници за ВУЗ
9 (RLIN) 245174
653 ## - Ключова дума – ненормативна
Ключова дума ботаника
653 ## - Ключова дума – ненормативна
Ключова дума учебници за ВУЗ
700 1# - Други автори (авторска отговорност)
Лично име Бенбасат, Йосиф Нисим
Автороска отговорност (Описва отношението между автора и произведението) съавт.
9 (RLIN) 286735
700 1# - Други автори (авторска отговорност)
Лично име Евлогиева, Мария
Автороска отговорност (Описва отношението между автора и произведението) съавт.
9 (RLIN) 317643
700 1# - Други автори (авторска отговорност)
Лично име Иванов, Иван Асенов
Автороска отговорност (Описва отношението между автора и произведението) *
9 (RLIN) 306701
852 ## - Местоположение
Форматна сигнатура Цб 109346
856 4# - Електронен адрес и достъп
Електронен формат pdf - файл
Път до файла /url/
856 4# - Електронен адрес и достъп
Електронен формат pdf - файл
Път до файла /url/
942 ## - АРТИКУЛИ
Вид на библиотечния материал Книги
Скрит в OPAC Не
944 ## - СЪЗДАВАНЕ И РЕДАКЦИЯ на ЗАПИСА
Създаване/Редакция Създаване
Дата на регистрацията/редакция 01.03.2012
Статус, дата на статуса 01.03.2012 - от С1,Р / 01.03.2012
Служител, извършил регистрацията/редакцията Пенка_Димитрова
944 ## - СЪЗДАВАНЕ И РЕДАКЦИЯ на ЗАПИСА
Създаване/Редакция Редакция
Дата на регистрацията/редакция 01.03.2012
Статус, дата на статуса 01.03.2012 - от С1,Р / 01.03.2012
Служител, извършил регистрацията/редакцията
999 ## - СИСТЕМНИ КОНТРОЛНИ НОМЕРА
Koha biblionumber 122517
Koha biblioitemnumber 122517
Наличности
Код за отписване Код за изгубен артикул Източник на класификационната схема Код за повреда Коз за рестрикции Код за отдаване Артикулен № Име на библиотеката - собственик Име на библиотеката, в която се намира в момента Статус (Текущо местоположение) Дата на вписване в системата Местоположение - отдел Цена в лева Инвентарен номер Систематично азбучна сигнатура Баркод Номер на екземпляра Цена в евро Служебна бележка Служебен тип на артикула
  Не е изгубен Universal Decimal Classification Не е повреден само за читалня ползва се в читалня 198208 Регионална библиотека "Любен Каравелов" Русе Регионална библиотека "Любен Каравелов" Русе Хранилище 1981-01-01 Хранилище 1.19 330381 Цб 109346 120000330381 1 0.61 N: стар фонд Дата: 01.01.1981 Книги
Vip Innovations Ltd, Rousse, Bulgaria 2025